| 000 | 00596nam a2200241 a 4500 | ||
|---|---|---|---|
| 001 | nice12345678 | ||
| 003 | IN_TiNIC | ||
| 005 | 20260116013254.0 | ||
| 008 | 050524s1961 boma grp 000 0 eng | ||
| 020 |
_a8171540 _c150 |
||
| 082 | 0 | 0 |
_a306.0899145 _bGHU |
| 100 | _aGhurye, G S | ||
| 245 | _aCaste and Race in India | ||
| 260 |
_aBombay _bPopular Prakashan _c1961 |
||
| 300 | _a493p | ||
| 500 | _aincludes index and biblioraphy | ||
| 505 | 2 | _aappendix, bibliography | |
| 650 | _aCaste-India | ||
| 700 | 1 | _aGhurye, G S | |
| 902 | _bSRS | ||
| 942 | _cBK | ||
| 999 |
_c10351 _d10351 |
||